KOI 2008 : Abstracts. 12th International Conference on Operational Research. Pula, Croatia, September 24-26, 2008
Salvato in:
| Natura: | Libro |
|---|---|
| Lingua: | inglese |
| Pubblicazione: |
Pula :
CRORS,
2008
|
| Soggetti: | |
| Tags: |
Nessun Tag, puoi essere il primo ad aggiungerne!!
|
MARC
| LEADER | 00000nam a22000003a 4500 | ||
|---|---|---|---|
| 001 | stu171705 | ||
| 005 | 20150408182627.8 | ||
| 008 | 081007s2008----ci------------------eng-d | ||
| 040 | |a STU |b slo | ||
| 041 | 0 | |a eng | |
| 044 | |a ci | ||
| 080 | |a 330.45 | ||
| 245 | |a KOI 2008 : |b Abstracts. 12th International Conference on Operational Research. Pula, Croatia, September 24-26, 2008 | ||
| 260 | |a Pula : |b CRORS, |c 2008 | ||
| 300 | |a 67 s | ||
| 650 | 7 | |a operačný výskum |2 stusub | |
| 996 | |b 284M068747 |c M*Z-3336 |l MMKN |s A |a 24 |w stu171705_0001 | ||
| 996 | |b 284M068746 |c M*Z-3335 |l MMKN |s A |a 24 |w stu171705_0002 | ||
| 996 | |b 284M068748 |c M*Z-3337 |l MMKN |s A |a 24 |w stu171705_0003 | ||